Normal view
MARC view
Entry Topical Term
001 - CONTROL NUMBER
- control field: 247878
003 - CONTROL NUMBER IDENTIFIER
- control field: UZ
005 - DATE AND TIME OF LATEST TRANSACTION
- control field: 20241219082857.0
008 - FIXED-LENGTH DATA ELEMENTS
- fixed length control field: 241219|| aca||aabn | a|a d
040 ## - CATALOGING SOURCE
- Original cataloging agency: UZ
- Transcribing agency: UZ
150 ## - HEADING--TOPICAL TERM
- Topical term or geographic name entry element: Evaluation
- General subdivision: Methodology
- General subdivision: Technological innovations
670 ## - SOURCE DATA FOUND
- Source citation: Work cat.: (UZ)128635: Artificial intelligence and evaluation :